1624 1196 1975 1612 1514 1696 1553 1616 1174 1747 1857 1374 1691 1315 1620 1544 1980 1978 1784 1799 1694 1077 1509 1931 1161 1297 1488 1245 1201 1796 1418 1063 1079 1351 1631 1160 1645 1572 1932 1838 1180 1110 1807 1847 1915 1828 1982 1731 1933 1925 1231 1890 1323 1030 1965 1347 1002 1813 1813 1817 1302 1060 1535 1345 1873 1032 1355 1981 1383 1933 1879 1492 1738 1691 1965 1277 1150 1550 1129 1154 1165 1106 1108 1198 1098 1839 1411 1860 1636 1699 1056 1866 1314 1893 1311 1445 1233 1997 1638 BCNSPRNW ULIB Ver.6.0+V

เปลี่ยนเป็นภาษาไทย

Change to English
 แสดงรายละเอียดบรรณานุกรม
  กลับหน้าหลัก

Brief Record : Get Marc (ISO 2709) : E-mail record : QR code < ปิดหน้าต่าง
LEADER : 00000nam 2200000uu 4500
001    13399125625
003     ULIB
008    170711s||||||||th 000 0 tha d
020    ^a9786164030121
040    ^abrv
041 0  ^atha^heng
060 04 ^aWT104^bฟ651ต
100 1  ^aเฟอร์แมน, โจเอล
245 10 ^aโตไป--ไกลโรค =^bDisease-proof your child /^cผู้เขียน โจเอลเฟอร์แมน ; ผู้แปลและเรียบเรียง สุธีรา เอื้อไพโรจน์กิจ
246 30 ^aโตไป...ไกลโรค
246 31 ^aDisease-proof your child
250    ^aพิมพ์ครั้งที่ 1
260    ^aกรุงเทพฯ :^bฟรีมายด์,^c2559
300    ^a316 หน้า :^bภาพประกอบ ;^c21 ซม.
650  4 ^aการดูแลสุขภาพ
650  4 ^aโภชนาการ
650  4 ^aเด็ก^xโภชนาการ
650  4 ^aเด็ก^xสุขภาพและอนามัย
650  4 ^aสุขภาพ
650  4 ^aสุขภาพและอนามัย
700 0  ^aสุธีรา เอื้อไพโรจน์กิจ,^eผู้แปล
945    ^p0^l0^i002602
999    ^aประนอม เกษจรัล
รายการนี้ยังไม่มีแท็ก
คุณยังไม่ได้ล็อกอิน คุณสามารถมีกิจกรรมร่วมกับเว็บไซต์ได้ แต่ต้องล็อกอินก่อน ::
  ล็อกอิน

รายการสื่อสารสนเทศ

ลำดับที่ ประเภท เลขเรียก/บาร์โค้ด สถานที่ สถานะ
1. วิทยาศาสตร์การแพทย์ และสุขภาพ
วิทยาศาสตร์การแพทย์ และสุขภาพ
สถานะ=หนังสือเก่า
WT104 ฟ651ต ฉ.1 
  Barcode: 002602
ห้องสมุดวิทยาเขตสวรรค์ประชารักษ์
►ส่วนจัดเก็บหนังสือเก่า สปร
บนชั้น
  ขอยืม

รายการใกล้เคียง
    ผู้แต่ง [เฟอร์แมน, โจเอล]

    หัวเรื่อง [การดูแลสุขภาพ]
    หัวเรื่อง [โภชนาการ]
    หัวเรื่อง [สุขภาพ]
    หัวเรื่อง [สุขภาพและอนามัย]

BibComment


ยังไม่เคยถูกคอมเมนท์

คอมเมนท์ทรัพยากรรายการนี้
  คอมเมนท์: โตไปไกลโรค Dise..


 Copyright 2026. Bcnsprnw @Library